[Event "Nanjing Pearl Spring 1st"]
[Site "Nanjing"]
[Date "2008.12.19"]
[Round "8"]
[White "Svidler, Peter"]
[Black "Bu, Xiangzhi"]
[Result "1-0"]
[WhiteElo "2727"]
[BlackElo "2714"]
[Annotator "Krasenkow,M"]
[PlyCount "107"]
[EventDate "2008.12.11"]
[EventType "tourn"]
[EventRounds "10"]
[EventCountry "CHN"]
[EventCategory "21"]
[SourceTitle "CBM 128"]
[Source "ChessBase"]
[SourceDate "2009.01.28"]
[SourceVersion "1"]
[SourceVersionDate "2009.01.28"]
[SourceQuality "1"]

1. d4 d5 2. c4 c6 3. Nc3 Nf6 4. e3 e6 5. Nf3 a6 {The "improved Chebanenko" has
recently become extremely popular.} 6. c5 b6 {This immediate undermining is
the only way to eliminate the c5-pawn; otherwise White plays b2-b4 (although
Black has another popular plan: ...Nb8-d7, ...g7-g6, ...Bf8-g7 etc. preparing .
..e6-e5).} 7. cxb6 Nbd7 8. Bd3 c5 9. b3 (9. O-O Qxb6 10. Bd2 {[%cal Yc3a4] is
another option for White.}) 9... Nxb6 (9... cxd4 10. exd4 Qxb6 {looks more
appropriate} (10... Bd6 11. O-O O-O 12. Na4 Nxb6 13. Nc5 Nbd7 14. Qc2 a5 15.
Ba3 Qb6 16. Rfe1 Ra7 17. Nxd7 Bxd7 18. Bc5 Bxc5 19. dxc5 Qb8 20. Ne5 Rc8 21. c6
Be8 22. Rac1 Qb6 23. Qc5 Qxc5 24. Rxc5 $14 {0-1 Drozdovskij,Y-Popov,V/Warsaw
POL 2008/The Week in Chess 737 (49)}) {but Black failed to prove equality in
the following games:} 11. O-O Bd6 12. Bb2 O-O 13. Qe2 (13. Na4 Qa7 14. Qe2 Bb7
(14... a5) 15. Ne5 Rac8 16. Rfd1 Be7 17. a3 Rfd8 18. Nxd7 Nxd7 19. b4 Bf6 20.
Rac1 g6 21. Nc5 Nxc5 22. dxc5 Bxb2 23. Qxb2 Bc6 24. Qf6 $14 {1-0 Prohaszka,
P-Martinovic,S/Budapest HUN 2008/The Week in Chess 731 (44)}) 13... a5 14. Na4
Qa7 15. Rac1 Ba6 16. Bxa6 Qxa6 17. Qxa6 Rxa6 18. Rc2 Nb8 19. Ne5 Nfd7 20. Rfc1
f6 21. Nd3 Kf7 22. f4 h6 23. Nc3 $14 {1/2-1/2 Kamsky,G-Navara,D/Baku 2008/CBM
124 (61)}) (9... Qxb6 $5 {is probably the most accurate order of moves:} 10.
O-O Bb7 11. Na4 (11. Qe2 $5) 11... Qa7 12. Bb2 cxd4 13. exd4 Bc6 14. Nc3 Bd6
15. Qe2 O-O 16. Ne5 Rfc8 17. Rad1 Nf8 18. Kh1 Be8 19. f4 Bb4 $132 {0-1
Prohaszka,P-Najer,E/Mainz 2008/CBM 125 Extra (38)}) 10. Ba3 {In the previous
game GM Peter Svidler obtained the better prospects but now he deviates to
avoid a possible improvement for Black:} (10. O-O Bb7 11. Bb2 cxd4 12. exd4 Be7
13. Rc1 O-O 14. Qe2 a5 15. a4 Nc8 16. Ne5 Na7 17. Nb5 Nxb5 18. Bxb5 (18. axb5
$142) 18... Qb6 19. Rc2 Rfc8 20. Rfc1 Rxc2 21. Rxc2 Bd6 22. Qe1 Qd8 23. Qc1 Qe7
24. Bc3 h6 25. h3 Ne4 26. Be1 $14 {1/2-1/2 Svidler,P-Vitiugov,N/Moscow RUS
2008/The Week in Chess 727 (67)}) 10... Nfd7 (10... cxd4 $5 11. Bxf8 dxc3 {
(otherwise Black just loses castling "for nothing") looks risky but needs
checking. To keep attacking chances, White must sacrifice material:} 12. Ba3 (
12. Bxg7 Rg8 13. Bh6 Rxg2 $13) (12. Bb4 d4 $1 13. exd4 Nbd5 14. Bc5 Nd7 15. Ba3
$140 Qa5) (12. Bc5 Nbd7 13. Ba3 $6 Qa5 14. Qc1 Nc5 15. Be2 Nce4) 12... Qc7 13.
Rc1 e5 $13) 11. O-O Bb7 12. Rc1 Rc8 13. Re1 Be7 14. Re2 $5 O-O 15. Rec2 {
The c-file is White's main field of action in this system.} cxd4 $6 (15... c4
$142 16. Bxe7 Qxe7 17. bxc4 Nxc4 {although the difference in strength of
bishops means that Black has not yet equalized.} (17... dxc4 $143 $6 {[%csl
Rc4]})) 16. Bxe7 Qxe7 17. exd4 e5 {Otherwise 18.Qe2 controlling the e5-square
and attacking the a6-pawn. However, after the text move White creates a
blockade on d4.} 18. dxe5 Nxe5 19. Nd4 $1 (19. Nxe5 Qxe5 20. Qg4 {[%cal Yg4f5]
was another good option} d4 $140 21. Ne2 {[%csl Rd4]}) 19... g6 20. Bf1 {
White could have forced favorable simplifications by means of} (20. Qe2 $5 a5
21. f4 Nc6 22. Qxe7 (22. Nxc6 Qc5+) 22... Nxe7 23. Ncb5 (23. Kf2 $5) (23. Bb5
$5)) 20... Qd6 21. h3 Rfd8 (21... Rfe8 $142) 22. Qd2 Kg7 $6 {Prompting a
future diagonal or knight check.} (22... Re8) 23. a4 Nbd7 $2 ({It was the last
moment to play} 23... Re8) (23... Qb4 {made no sense due to} 24. Qf4 {forcing}
Qd6 (24... Nc6 $6 25. Nce2)) 24. f4 Nc6 25. Nxc6 $2 {f2-f4 now loses any sense
and only weakens White's own position. Meanwhile, he had an immediate win of
material:} (25. Ne4 $1 Qe7 (25... dxe4 26. Nf5+) (25... Qb8 26. Nxc6 Bxc6 27.
Qd4+ Kg8 28. Rxc6 Rxc6 29. Rxc6 dxe4 30. Rd6 $18) 26. Nxc6 Rxc6 (26... Bxc6 27.
Bxa6) 27. Rxc6 Bxc6 28. Qd4+ Kg8 29. Nf2 $18 {[%cal Rc1c6,Rf1a6]} ({or} 29.
Rxc6 dxe4 30. Rd6 e3 31. Qd1 $18)) 25... Rxc6 26. Ne2 (26. Qd4+ $142 Kg8 27. b4
$14) 26... Rxc2 27. Rxc2 Nf8 (27... Nf6 $5 $132 {[%csl Ge4] was a more active
plan}) 28. Nd4 Ne6 (28... Re8 $5 {[%cal Re8e4]} 29. Bd3 Nd7 {[%cal Yd7f6]}) 29.
Nxe6+ Qxe6 30. Qd4+ Qf6 31. Qxf6+ Kxf6 {[%mdl 4096]} 32. Rc7 Rb8 $14 {White's
queenside pawn advantage is hardly sufficient for a victory in this endgame as
his king is far away from the centre.} 33. g4 h6 34. b4 ({Or} 34. a5 Bc8 35.
Kf2 Ke6 36. Bg2 $5 Bd7 37. Bxd5+ Kxd5 38. Rxd7+ Ke4 39. Rxf7 Rxb3 {[%csl Gb3,
Ge4] with a probable draw}) 34... Bc8 35. a5 Ke6 36. Bd3 Bd7 37. f5+ Ke7 $4 {
A very strange mistake. After the natural} (37... Kd6 38. Ra7 Rxb4 39. Rxa6+
Bc6 40. fxg6 fxg6 41. Bxg6 Kc5 {, due to his strong d-pawn, Black is not worse.
}) 38. Bxa6 Kd6 ({The rook endgame after} 38... Rxb4 39. Bc8 Kd8 40. Rxd7+ Kxc8
41. Rxf7 gxf5 42. Rxf5 {should now be lost for Black (just compare the
position of his king in the annotation to move 34 and here!).}) 39. Rb7 Rxb7
40. Bxb7 gxf5 41. gxf5 Bxf5 {Black has recaptured material but his prospects
are grim as White's connected outside pawns are very strong.} 42. h4 Bd3 43.
Kf2 d4 44. Kf3 Bf1 (44... f6 45. Kf4 Kc7 46. Be4 Bf1 47. Bb1 {[%cal Rf4e4]} Bg2
48. Kf5 $18) 45. Kf4 Bd3 (45... f6 46. a6 Kc7 47. Ke4 d3 48. Ke3 Kb6 49. Kd2 f5
50. b5 Be2 51. Bd5 $18 {[%cal Rd5c4,Rc4d3]}) 46. a6 Kc7 47. Ke5 Kb6 48. Kxd4
Be2 49. Ke5 h5 50. Kf6 Bc4 51. Kg5 Be2 52. Bd5 f6+ (52... Kxa6 53. Bxf7 Kb5 54.
Bxh5 Bc4 55. Be8+ Kxb4 56. h5 $18) 53. Kxf6 Kxa6 54. Bc6 (54. Bc6 Kb6 55. Be8 {
[%cal Rf6g5]}) 1-0

[Event "RUS-ch 62nd"]
[Site "Moscow"]
[Date "2009.12.28"]
[Round "8"]
[White "Riazantsev, Alexander"]
[Black "Vitiugov, Nikita"]
[Result "1-0"]
[WhiteElo "2661"]
[BlackElo "2694"]
[Annotator "Krasenkow,M"]
[PlyCount "63"]
[EventDate "2009.12.20"]
[EventType "tourn"]
[EventRounds "9"]
[EventCountry "RUS"]
[EventCategory "18"]
[SourceTitle "CBM 134"]
[Source "ChessBase"]
[SourceDate "2010.01.18"]
[SourceVersion "1"]
[SourceVersionDate "2010.01.18"]
[SourceQuality "1"]

1. d4 d5 2. c4 c6 3. Nc3 Nf6 4. e3 e6 5. Nf3 a6 6. c5 b6 7. cxb6 Nbd7 8. Bd3 c5
9. O-O c4 {Definitely too early.} (9... Qxb6 {is the most logical continuation
seen in a number of games. Here I prefer} 10. Bd2 (10. b3 {and}) (10. Na4 {
have been seen in practice, too}) 10... cxd4 (10... c4 11. Bc2 Bb7 12. Rb1 $14
{[%cal Yb2b3]} (12. b3 $143 cxb3 13. Bxb3 Bd6 14. Rb1 Qa7 15. Qe2 O-O 16. Bc2
Rfc8 $11 {1/2 Mareco,S (2512)-Valerga,D (2523)/La Plata 2009/CBM 130 Extra (27)
})) 11. exd4 (11. Na4 $143 Qb8 12. exd4 Bd6 13. Qc2 Ne4 14. Bxe4 dxe4 15. Qxe4
O-O 16. h3 Bb7 17. Qe3 Bc6 $13 {0-1 Krasenkow,M (2668)-Oms Pallise,J (2506)/
Barcelona 2007/CBM 121 (22)}) 11... Bd6 12. Re1 O-O 13. Rc1 Bb7 14. b4 Ne4 15.
Na4 Qa7 16. Nc5 Ndf6 17. Ne5 a5 18. a3 axb4 19. axb4 Rfc8 20. Be3 $14 {1-0
Krasenkow,M (2639)-Balogh,C (2624)/Warsaw 2008/CBM 126 (49)}) ({To} 9... Nxb6 {
White should probably reply} 10. dxc5 Bxc5 11. e4 {, e.g.} Bb7 12. e5 Ne4 13.
Qe2 Nxc3 14. bxc3 Qc7 15. Rb1 Nc4 16. Bf4 Bc6 17. Nd4 O-O 18. Qh5 g6 19. Qf3
$14 {1/2 Gelfand,B (2733)-Fridman,D (2626)/Calatrava 2007/CBM 117 ext (53)}) (
9... Bb7 $5 {needs testing:} 10. Na4 c4 11. Be2 Bc6 12. Bd2 a5 13. Nc3 Bd6 14.
b3 Nxb6 15. Ne5 Bxe5 16. dxe5 Nfd7 17. f4 O-O 18. Bc1 Qe7 19. Qd4 f6 $132 {
1/2 Acevedo Villalba,A (2569)-Forslof,L (2466)/Rochade 5171-Jub15 bd04 2005/
CBM 118 (43)}) 10. Be2 $5 (10. Bc2 $5 {[%cal Ye3e4]} Bb7 11. Ne5 {is possible,
too.}) 10... Rb8 $6 ({The immediate} 10... Nxb6 {protecting the c4-pawn and
making e3-e4 more difficult, is more logical.}) 11. e4 $1 {White opens up the
position to make use of his development advantage.} Nxe4 12. Nxe4 dxe4 13. Nd2
Nxb6 (13... Bb7 14. Nxc4 Nxb6 15. Bf4 Rc8 16. Na5 $16) 14. Nxe4 {[%csl Rc4]
[%cal Yc1f4]} Bb7 15. Nc5 $1 Bd5 (15... Bd6 16. Nxb7 Rxb7 17. b3 $1 $16) 16. b3
$6 (16. Nxa6 {was quite good. White wants to win this pawn in a better
situation but hardly achieves it.}) 16... cxb3 (16... Bd6 17. bxc4 Bxc4 18.
Bxc4 Bxc5 19. dxc5 Qxd1 20. Rxd1 Nxc4 21. Bf4 e5 22. Rac1 $1 Rb4 23. Re1 $1 $16
{[%cal Rf4e5,Re1e4]}) 17. axb3 Bxc5 $4 {[%mdl 16384] A grave positional error.
White now obtains a pair of bishops and a strong passed pawn. Black should
have urgently completed his development:} (17... Bd6 18. Rxa6 O-O {White's
extra b3 pawn is now quite weak and not so easy to convert.}) 18. dxc5 Nd7 $6 (
18... Nc8 $142 19. Rxa6 Bxb3 $16) 19. Bf4 Rxb3 20. Bd6 {Preventing Black's
castling and obtaining a strategically winning position but} (20. c6 $5 Nb6 21.
Bxa6 O-O 22. c7 Qh4 23. Bd6 $18 {[%csl Gc7] may be even better.}) 20... Qg5 21.
g3 Qf5 22. Ra4 (22. Qd4 $5 f6 23. Rxa6 $16) 22... Rb2 $6 (22... Ne5 $5 {
enabled Black to put up stiffer resistance although White maintained a strong
attack, e.g.} 23. Rf4 Qh3 24. f3 f6 25. Qa1 Qh5 26. Bd1 $1 Nxf3+ $1 27. R1xf3
$1 Rxf3 28. Qa4+ (28. Bxf3 $2 Bxf3 29. Rxf6 $5 gxf6 30. Qxf6 Kd7 31. Qxh8 Qh6
$11) 28... Kf7 29. Qd7+ Kg6 30. Rxf3 Bxf3 31. Bc2+ Kh6 32. Qxe6 Qd5 $1 33. Bf4+
g5 34. Qxf6+ Kh5 35. Be3 $18 {[%cal Yh2h3,Yg3g4,Rc2b3]}) 23. Bd3 $1 Qf6 (23...
Qf3 24. Qxf3 Bxf3 25. Rxa6 Bb7 26. Ra7 $18 {[%cal Rf1b1,Rf1c1]}) 24. Be4 $1 $18
{[%mdl 32] White exchanges the bishop holding together Black's whole position,
and the latter immediately collapses.} Bxe4 (24... Bb3 25. Qa1 Bxa4 26. Qxa4
$18 {[%cal Rc5c6]}) 25. Rxe4 Qf5 26. Qa4 Qd5 27. Qxa6 Nb6 28. Ree1 Qa8 29.
Qxa8+ Nxa8 30. Ra1 Kd7 31. Ra7+ Kc6 32. Rfa1 1-0

[Event "Linares 26th"]
[Site "Linares"]
[Date "2009.02.25"]
[Round "6"]
[White "Carlsen, Magnus"]
[Black "Anand, Viswanathan"]
[Result "1-0"]
[WhiteElo "2776"]
[BlackElo "2791"]
[Annotator "Krasenkow,M"]
[PlyCount "153"]
[EventDate "2009.02.19"]
[EventType "tourn"]
[EventRounds "14"]
[EventCountry "ESP"]
[EventCategory "21"]
[SourceTitle "CBM 129"]
[Source "ChessBase"]
[SourceDate "2009.03.25"]
[SourceVersion "1"]
[SourceVersionDate "2009.03.25"]
[SourceQuality "1"]

1. d4 d5 2. c4 c6 3. Nc3 Nf6 4. e3 e6 5. Nf3 Nbd7 6. Qc2 Bd6 7. g4 Nxg4 8. Rg1
Qf6 9. Rxg4 Qxf3 10. Rxg7 Nf6 11. h3 {This move (keeping the h2 pawn and
preventing ...Nf6-g4) was played by Aronian against Morozevich (see CBM 117,
with GM M.Marin's annotations). Below you will see other practical examples.} (
11. Rg5 {is the main theoretical line - see my survey in CBM 127.}) 11... Qf5
$6 $146 {Hardly a good novelty. In the endgame White keeps a small but clear
edge due to his better pawn structure.} (11... e5 $6 12. dxe5 Bxe5 13. Rg5 $1 {
[%cal Rg5e5,Rf1g2]} Nd7 14. cxd5 cxd5 15. Rf5 (15. Bd2 d4 16. Bg2 Qf6 17. exd4
Bxd4 18. O-O-O $16 {1-0 Chytilek,R (2320)-Franta,J/Litomysl 1996/EXT 1998 (25)}
) 15... Qh1 16. Bd2 d4 17. exd4 Bxd4 18. O-O-O O-O 19. Bh6 Re8 20. Rg5+ Kh8 21.
Rxd4 Qxf1+ 22. Rd1 Re1 23. Bg7+ Kg8 24. Be5+ {1-0 Tisdall,J (2492)-Sidselrud,S
(2150)/Norway 2002/EXT 2003}) (11... h6 $5 {, preventing Rg7-g5, looks quite
good for Black:} 12. Bd2 (12. Qe2 $5 Qxe2+ (12... Qf5 $5) 13. Bxe2 Kf8 14. Rg1
dxc4 15. e4 Bb4 16. f3 b5 17. Kf2 a6 18. Bf4 Bb7 19. Rac1 Nd7 20. b3 cxb3 21.
axb3 $44 {1-0 Le Quang,L (2542)-Neelotpal,D (2485)/Cebu City 2007/CBM 120 ext 
(38)}) 12... e5 (12... Bd7 13. Qb3 Ke7 14. c5 Bc7 15. Qxb7 $14 {1-0 Le Quang,L
(2583)-Garnelis,J (2188)/Vung Tau 2008/EXT 2009 (37)}) 13. Rg3 (13. cxd5 exd4
14. exd4 Kf8 15. Rg1 Bf5 16. Qb3 Re8+ 17. Be3 Rg8 $132 {1/2 Siebrecht,S (2451)
-Haba,P (2546)/Kallithea 2008/CBM 127 (37)}) 13... Qh5 14. cxd5 exd4 15. Ne4
Nxe4 16. Qxe4+ Qe5 17. Qxe5+ Bxe5 18. Rf3 cxd5 19. Bb5+ Ke7 20. exd4 Bd6 21.
Kf1 Be6 $11 {1/2 Aronian,L (2744)-Morozevich,A (2741)/Morelia/Linares 2007/CBM
117/[Marin,M] (29)}) (11... Kf8 $5 12. Rg5 (12. Rg1 $143 Rg8 13. Rxg8+ Kxg8 14.
Bd2 dxc4 15. Bxc4 e5 16. dxe5 Bxe5 17. Bf1 Bf5 $17 {0-1 Splichal,S (2167)
-Michenka,J (2351)/Karvina 2003/EXT 2005 (41)}) 12... Qh1 {needs testing}) 12.
Qxf5 exf5 13. cxd5 cxd5 (13... Nxd5 $5 14. Nxd5 cxd5 15. Bd2 $14) 14. Nb5 Bb4+
15. Bd2 Bxd2+ 16. Kxd2 Ke7 17. Bd3 Be6 (17... Bd7 $5) 18. Nc7 $5 {A good idea
- to exchange the theoretically "bad" e6 bishop, in fact, the main defender of
the black pawns, using the opportunity that Black can't recapture with his f7
pawn.} Rag8 19. Nxe6 Kxe6 20. Rxg8 Nxg8 $6 {[%mdl 4096] Too "subtle".} ({
Any beginner would play the simple} 20... Rxg8 {, and he would be right:} 21.
Rc1 Rg2 22. Ke2 Rh2 23. Kf3 $1 (23. Rc7 Rxh3 24. Rxb7 Rh2 {[%cal Rf6g4]}) 23...
Rxh3+ 24. Kg2 Rh5 25. Rc7 Rg5+ 26. Kf3 Ng4 {[%cal Rg4h2] - Black's counterplay
must be strong enough to survive.}) 21. Ke2 (21. Rc1 Ne7 22. Rc7 Rb8 {[%cal
Ye6d6]}) 21... Ne7 22. Kf3 $1 (22. Rc1 Rc8 23. Rxc8 Nxc8 24. Kf3 {was probably
insufficient for the victory. GM M.Carlsen decides to keep rooks on the board.}
) 22... Rc8 23. a4 $1 Rc7 24. a5 h6 25. h4 Kf6 26. h5 Nc8 27. Kf4 Nd6 28. Rg1
Rc8 29. f3 Ke6 {Black is completely passive.} 30. Rg7 Rh8 31. Bc2 $1 {The "two
weaknesses", attacked by the stronger side, should be as far from each other
as possible, then it is more difficult for the defender to hold both;
therefore - h6 and d5, rather than f5.} Rc8 32. Bb3 Rh8 33. Rg1 Rc8 34. Rg7 Rh8
35. Rg2 Rc8 36. Rg1 $22 {The black knight must prevent e3-e4, the rook can't
leave the 8th rank in view of Rg8-h8, and if it leaves the c-file, White plays
Rc1 threatening Rc5 and Rc7; finally, pawn moves create new weaknesses.} Ne8 $1
{The lesser evil.} (36... Rb8 37. Rc1 Rc8 38. Rc5 $1 Rxc5 39. dxc5 Nc4 40. e4
fxe4 41. Bxc4 dxc4 42. Kxe4 $18) (36... Nc4 37. Bxc4 dxc4 (37... Rxc4 38. Rg7)
38. Ra1 {[%cal Ya1a4,Ya4b4]}) (36... b6 37. axb6 axb6 38. Ra1 $16) 37. e4 fxe4
38. fxe4 Nf6 39. e5 $1 Ne4 $1 (39... Nxh5+ 40. Ke3 {[%cal Rg1h1]}) ({The
endgame after} 39... Rg8 40. Rxg8 Nxg8 {is very difficult for Black:} 41. Bd1
Ne7 42. Bg4+ f5 43. Bh3 $22 b6 (43... Nc6 44. Bxf5+ Ke7 45. Bc8 Nxa5 46. Kf5)
44. a6 b5 45. Bf1 b4 (45... Nc6 46. Bxb5 Nxd4 47. Bd3 $22 $16) 46. Bd3 Nc6 47.
Bxf5+ Ke7 48. Ke3 {and White should gradually win.}) 40. Ke3 b6 $6 {Black
unnecessarily opens up the a-file for his opponent. "Don't move pawns on the
side where you are weaker!"} (40... Ng5 $142 $14 41. Rf1 $140 Ne4) 41. axb6
axb6 42. Kd3 (42. Bd1 $5 Rc4 (42... Ra8 43. Bc2 Ng5 44. Rf1) 43. Bg4+ $1 (43.
Rg8 Rb4 $132) 43... f5 (43... Ke7 44. Bf3 Rb4 45. Bxe4 dxe4 46. Rg2 $16) 44.
exf6+ Kxf6 45. Bf3 {[%cal Rg1g6]} Kf5 46. Bxe4+ dxe4 47. Rf1+ Ke6 48. Kxe4 Rc2
49. d5+ Ke7 50. b4 {with a promising rook ending.}) 42... Nf2+ 43. Ke2 Ne4 44.
Ke3 f6 $6 (44... Ng5 $5 {was still possible although White could now invade
along the a-file:} 45. Ra1 f6 $1 46. exf6 Ne4 47. f7 $1 Rf8 48. Ra6 Rxf7 49.
Rxb6+ Nd6 {with good drawing chances (S.Zagrebelny).}) 45. Rg6 Rc1 46. Rxh6 $2
(46. exf6 $1 Re1+ 47. Kd3 Nxf6 48. Bxd5+ Kf5 (48... Kxd5 49. Rxf6 b5 50. Rb6
$18) 49. Bf3 {(I.Ganiev)} Rb1 50. Kc3 (50. Kc2 $143 Rf1 51. Be2 Rf2) 50... Re1
51. Kc4 {and White should gradually win}) 46... Rh1 47. Bc2 Rh3+ $2 {Obvious
but wrong!} (47... Re1+ $1 48. Kd3 (48. Kf4 Rf1+ 49. Kg4 Rg1+) 48... Rh1 {
and White can't make any progress (S.Zagrebelny).}) 48. Kf4 $1 Rh4+ 49. Kf3 {
When a rook and a knight are jumping around your king, you must sometimes
display real acrobacy!} Nd2+ 50. Ke2 $2 {This move seriously complicates
White's task.} (50. Kg3 $142 $1 Rxd4 51. Rxf6+ Kxe5 52. Rf5+ Ke6 53. h6 Rc4 (
53... Ne4+ 54. Bxe4 dxe4 55. h7 Rd8 56. Rh5 Rh8 57. Kf4 $18) 54. h7 Rxc2 55.
Re5+ $1 (55. Rf8 $143 Ne4+ 56. Kg4 Rh2 57. h8=Q Rxh8 58. Rxh8 Kd6) (55. h8=Q
$143 Ne4+ $1 56. Kf4 Rf2+ 57. Ke3 Kxf5) 55... Kxe5 56. h8=Q+ Kd6 57. Qf8+ Kc7
58. Qf7+ Kb8 59. Qxd5 Nf1+ 60. Kh4 {- with his pieces scattered all over the
board, Black can't organize successful defence.}) 50... Rh2+ 51. Kd1 Nc4 52.
Rxf6+ Ke7 53. Bg6 Rd2+ 54. Kc1 (54. Ke1 $5 Rxd4 55. h6 Rh4 (55... Nxe5 $143 56.
Rxb6 Rh4 (56... Nxg6 57. Rxg6 Rh4 58. Rb6) 57. Bf5) 56. Bf5 d4 57. Re6+ (57.
Rc6 d3 $1) 57... Kf7 58. b3 Ne3 59. Rf6+ Ke7 60. Bc8 Rh2 61. Rd6 $16) 54...
Rxd4 55. b3 $1 (55. h6 Rh4 56. Bf5 {is now impossible due to} Rh1+ 57. Kc2 Ne3+
58. Kd3 Nxf5 59. Rxf5 Rxh6 $11) 55... Nxe5 56. Rxb6 Rh4 ({The rook endgame
after} 56... Nxg6 57. hxg6 {should be winning for White.}) 57. Bf5 $1 Nf3 $2 (
57... Rh1+ 58. Kc2 (58. Kd2 Nc4+ $3 59. bxc4 Rxh5 $11 {S.Zagrebelny}) 58... Nf3
{[%cal Rf3d4]} 59. Bg4 ({or} 59. Rb7+ Kf6 60. Bg6 Ne5) 59... Rh2+ 60. Kc3 Ng5 {
and White can hardly win.}) 58. h6 $1 {The pawn finally moves forward!} Nd4 59.
h7 $1 Nxf5 60. Rb8 Nd4 61. Kb2 $1 Kd6 62. h8=Q Rxh8 63. Rxh8 {This is a
technically winning endgame but some work still has to be done.} Kc5 64. Rh5
Nc6 65. Rh4 Nb4 66. Ka3 {White must disorganise Black's defence. First, he
forces the advance of the black d-pawn, then he must try to push his own pawn
at an appropriate moment.} d4 (66... Nc2+ 67. Ka4 d4 68. Rh5+) 67. Rh5+ Nd5 68.
Kb2 Kc6 69. Ka3 Kc5 70. Rh4 Nb4 71. Rh8 Nc6 $2 {This makes White's task much
easier.} (71... Nd5 72. Rd8 $1 $18 {[%cal Ya3b2]}) (71... Nc2+ $142 72. Kb2 Nb4
73. Rc8+ Nc6 ({or} 73... Kd5 74. Ka3) 74. Ka3 Kd5 {It is still difficult for
White to reach victory; e.g.} 75. b4 $2 ({first he must play} 75. Rc7 Kd6 76.
Rh7 {etc.}) {is premature and leads to a draw after} 75... d3 76. Rh8 d2 77.
Rh1 Kc4) 72. Rh5+ Kd6 73. b4 {Now, with the black king cut off, everything is
over.} d3 (73... Ne5 74. Kb3 Kd5 75. b5 $18) 74. Rh3 Ne5 75. Kb3 d2 76. Kc2 Nc6
77. Rh4 1-0